Red data book of Namibian plants (Record no. 80008)
[ view plain ]
| 000 -LEADER | |
|---|---|
| fixed length control field | 01059nam a2200205 a 4500 |
| 008 - FIXED-LENGTH DATA ELEMENTS--GENERAL INFORMATION | |
| fixed length control field | 081215s2005 ||||||||||||||||| || u |
| 020 ## - INTERNATIONAL STANDARD BOOK NUMBER | |
| International Standard Book Number | 1919976167 |
| 050 ## - LIBRARY OF CONGRESS CALL NUMBER | |
| Classification number | QK 413 Loo |
| 100 ## - MAIN ENTRY--PERSONAL NAME | |
| Personal name | Loots, Sonja |
| 245 10 - TITLE STATEMENT | |
| Title | Red data book of Namibian plants |
| 260 ## - PUBLICATION, DISTRIBUTION, ETC. | |
| Place of publication, distribution, etc. | Pretoria |
| Name of publisher, distributor, etc. | Southern African Botannical Diversity Network report( SABONET) |
| Date of publication, distribution, etc. | 2005 |
| 300 ## - PHYSICAL DESCRIPTION | |
| Extent | iv, 124p.: ill. |
| 350 ## - | |
| -- | 0.00 |
| 490 ## - | |
| -- | Southern African Botannical Diversity Network report, no. 38 |
| 650 ## - SUBJECT ADDED ENTRY--TOPICAL TERM | |
| Topical term or geographic name entry element | PLANTS |
| 650 ## - SUBJECT ADDED ENTRY--TOPICAL TERM | |
| Topical term or geographic name entry element | PLANTS--NAMIBIA |
| 995 ## - | |
| -- | ANNEX COLLECTION (Main Library) |
| -- | 105000.00 |
| -- | 739028 |
| -- | CBU-MAIN LIBRARY (Kitwe) |
| -- | 1 |
| -- | 0.00 |
| -- | QK 413 Loo |
| -- | 3 |
| -- | AVAILABLE |
| -- | Dec 15, 2008 |
| -- | 739028 |
| -- | Annex Low-Usage Collection |
| 995 ## - | |
| -- | MAIN LIBRARY OPEN ACCESS |
| -- | 105000.00 |
| -- | 739026 |
| -- | CBU-MAIN LIBRARY (Kitwe) |
| -- | 1 |
| -- | 0.00 |
| -- | QK 413 Loo |
| -- | 1 |
| -- | AVAILABLE |
| -- | Dec 15, 2008 |
| -- | 739026 |
| -- | Main Library Open Access Collection |
| 995 ## - | |
| -- | MAIN LIBRARY OPEN ACCESS |
| -- | 105000.00 |
| -- | 739030 |
| -- | CBU-MAIN LIBRARY (Kitwe) |
| -- | 1 |
| -- | 0.00 |
| -- | QK 413 Loo |
| -- | 5 |
| -- | AVAILABLE |
| -- | Dec 15, 2008 |
| -- | 739030 |
| -- | Main Library Open Access Collection |
| 999 ## - | |
| -- | 80008 |
| -- | 80008 |
| Withdrawn status | Lost status | Source of classification or shelving scheme | Damaged status | Not for loan | Permanent Location | Current Location | Shelving location | Date acquired | Total Checkouts | Full call number | Barcode | Date last seen | Copy number | Price effective from | Koha item type |
|---|---|---|---|---|---|---|---|---|---|---|---|---|---|---|---|
| CBU-MAIN LIBRARY, KITWE. | CBU-MAIN LIBRARY, KITWE. | 06/29/2023 | QK 413 Loo | 739028 | 06/29/2023 | 1 | 06/29/2023 | MONOGRAPH | |||||||
| CBU-MAIN LIBRARY, KITWE. | CBU-MAIN LIBRARY, KITWE. | 06/29/2023 | QK 413 Loo | 739026 | 06/29/2023 | 2 | 06/29/2023 | MONOGRAPH | |||||||
| CBU-MAIN LIBRARY, KITWE. | CBU-MAIN LIBRARY, KITWE. | 06/29/2023 | QK 413 Loo | 739030 | 06/29/2023 | 3 | 06/29/2023 | MONOGRAPH |